Lady Gaga - Harlequin - Statistics

General Stats
  • This quiz has been taken 10 times
  • The average score is 8 of 13
Answer Stats
2024 Harlequin % Correct
8 The Joker
100%
1 Good Morning
86%
12 Happy Mistake
86%
9 Folie à Deux
71%
10 Gonna Build A Mountain
71%
11 Close To You
57%
2 Get Happy (2024)
57%
6 That's Entertainment
57%
5 If My Friends Could See Me Now
43%
7 sMILE
43%
13 That's Life
43%
4 World On A String
43%
3 Oh, When The Saints
14%
No matching quizzes found
Score Distribution
Percent of People with Each Score
Percentile by Number Answered
Your Score History
You have not taken this quiz